Victimología: presente y futuro, hacia un sistema penal de alternativas

Tallennettuna:
Bibliografiset tiedot
Päätekijät: Bustos Ramírez, Juan (Tekijä), Larrauri Pijoan, Elena (Tekijä)
Aineistotyyppi: Kirja
Kieli:espanja
Julkaistu: Barcelona PPU 1993
Sarja:Colección Iura, 10
Aiheet:
Tagit: Lisää tagi
Ei tageja, Lisää ensimmäinen tagi!

MARC

LEADER 00000nam a2200000 a 4500
001 UCM0014
003 CL-VaPUC
008 020108e19930000SP |||||||||||||||||spa|d
082 0 4 |a 362.88  |b BUS  |2 21 
100 |a Bustos Ramírez, Juan  |e author  |9 295262 
700 |a Larrauri Pijoan, Elena  |e author  |9 466598 
245 1 0 |a Victimología: presente y futuro, hacia un sistema penal de alternativas 
300 |a 128 p 
942 |c BK 
945 |d 20020108 00:00:00  |a vberengu 
260 |a Barcelona  |b PPU  |c 1993 
650 0 |a Victimología  |9 466599 
650 0 |a Víctimas  |9 381468 
650 7 |a DERECHO PENAL  |2 CL-VaPUC  |9 11 
650 0 |a Proceso penal  |9 381370 
650 0 |a Seguridad ciudadana   |9 392290 
583 |a last modification  |c 20020108 00:00:00  |k Rodrigo Vera 
490 0 |a Colección Iura, 10 
999 |c 299081  |d 299079 
952 |0 0  |1 0  |4 0  |6 362_880000000000000_BUS_1993  |7 0  |8 A  |9 355223  |a BIBDER  |b BIBDER  |d 2019-11-21  |i 378665K  |o 362.88 BUS 1993  |p 378665K  |r 2023-01-25  |w 2019-11-21  |y BK  |k DER